000 00211nam a2200097Ia 4500
008 190216s9999||||xx |||||||||||||| ||und||
100 _aSreerangam Vikraman Nair
245 0 _aYagam
260 _bNull
942 _cBK
999 _c24815
_d24815